Architecting dependable systems II / (رقم التسجيلة. 3657)

تفاصيل مارك
000 -الفاتح
حقل البيانات ثابتة الطول 01930cam a22004697a 4500
001 - رقم الضبط
رقم الضبط 13722497
003 - محدد رقم الضبط
رقم الضبط OSt
005 - وقت وتاريخ اخر تعامل مع التسجيلة
رقم الضبط 20150408113748.0
008 - عناصر البيانات ثابتة الطول - معلومات عامة
حقل البيانات ثابتة الطول 040917s2004 gw 001 0 eng d
010 ## - رقم ضبط مكتبة الكونجرس
رقم ضبط مكتبة الكونجرس 2004113649
016 7# - رقم ضبط الوكاله الوطنية للضبط الببليوجرافي
رقم ضبط التسجيلة 972314482
المصدر GyFmDB
020 ## - الرقم الدولى المعيارى للكتب
الرقم الدولى المعيارى للكتاب 3540231684 (pbk.)
035 ## - رقم ضبط النظام
رقم ضبط النظام (OCoLC)ocm56878918
040 ## - مصدر الفهرسة
وكالة الفهرسة الأصلية OHX
وكالة النسخ OHX
وكالة التعديل KKS
-- CUS
-- C$Q
-- DLC
042 ## - رمز التحقق
رمز التحقق lccopycat
050 00 - رقم طلب مكتبة الكونجرس
رقم التصنيف QA76.8.A73
رقم المادة A73 2004
072 #7 - رمز الفئه الموضوعية
رمز فئه الموضوع Q
المصدر lcco
082 00 - رقم تصنيف ديوى العشرى
رقم التصنيف 004.22
رقم الطبعة 22
245 00 - بيان العنوان
العنوان Architecting dependable systems II /
بيان المسئوليه,etc Rogério de Lemos, Cristina Gacek, Alexander Romanovsky (eds.).
246 3# - العنوان الموازى
عنوان صحيح/عنوان مختصر Architecting dependable systems 2
246 3# - العنوان الموازى
عنوان صحيح/عنوان مختصر Architecting dependable systems two
260 ## - PUBLICATION, DISTRIBUTION, ETC. (IMPRINT)
مكان الناشر او الموزع Berlin ;
-- New York :
اسم الناشر او الموزع Springer,
تاريخ النشر أو التوزيع 2004.
300 ## - الوصف المادى
التعداد xii, 350 p. :
تفاصيل ماديه اخرى للوعاء ill. ;
أبعاد الوعاء 24 cm.
490 1# - بيان السلسلة
عنوان السلسلة Lecture notes in computer science,
الرقم الدولى المعيارى للدوريات 0302-9743 ;
رقم المجلد/ التعيين التسلسلي 3069.
عنوان السلسلة State-of-the-art survey
500 ## - تبصرة عامة
تبصرة عامة Earlier vol. has title: Architecting dependable systems.
504 ## - تبصرة ببليوجرافية
تبصرة ببليوجرافية,الخ Includes bibliographical references and index.
530 ## - تبصرة أشكال مادية أخرى متاحة
اشكال ماديه اخرى متاحة للعنصر Also issued online.
650 #0 - المدخل الاضافى بالموضوع-مصطلح موضوعى
مصطلح موضوعي أو اسم جغرافي كعنصر مدخل Computer architecture.
650 #0 - المدخل الاضافى بالموضوع-مصطلح موضوعى
مصطلح موضوعي أو اسم جغرافي كعنصر مدخل Computer systems
التقسيم الفرعي العام Reliability.
9 (RLIN) 7909
650 #0 - المدخل الاضافى بالموضوع-مصطلح موضوعى
مصطلح موضوعي أو اسم جغرافي كعنصر مدخل Fault-tolerant computing.
9 (RLIN) 7910
700 1# - المدخل الاضافى - اسم شخصى
الإسم الشخصى Lemos, Rogério de,
التواريخ المصاحبة للاسم 1961-
9 (RLIN) 7911
700 1# - المدخل الاضافى - اسم شخصى
الإسم الشخصى Gacek, Cristina,
التواريخ المصاحبة للاسم 1964-
9 (RLIN) 7912
700 1# - المدخل الاضافى - اسم شخصى
الإسم الشخصى Romanovsky, Alexander,
التواريخ المصاحبة للاسم 1954-
9 (RLIN) 7913
740 0# - المدخل الاضافى - عنوان مرتبط/تحليلى غير مقيد
العنوان التحليلي/ الرابط غير مقيد Architecting dependable systems.
830 #0 - المدخل الاضافى بالسلسلة -عنوان موحد
عنوان موحد Lecture notes in computer science ;
رقم المجلد/ التعيين التسلسلي 3069.
9 (RLIN) 7914
830 #0 - المدخل الاضافى بالسلسلة -عنوان موحد
عنوان موحد Lecture notes in computer science.
اسم جزء/قسم العمل State-of-the-art survey.
9 (RLIN) 3456
856 41 - الوصول و الموقع الالكترونى
معرف المصدر الموحد <a href="http://www.springerlink.com/openurl.asp?genre=issue&issn=0302-9743&volume=3069">http://www.springerlink.com/openurl.asp?genre=issue&issn=0302-9743&volume=3069</a>
تبصرة عامة Restricted to Springer LINK subscribers
856 42 - الوصول و الموقع الالكترونى
مواد محددة Publisher description
معرف المصدر الموحد <a href="http://www.loc.gov/catdir/enhancements/fy0823/2004113649-d.html">http://www.loc.gov/catdir/enhancements/fy0823/2004113649-d.html</a>
942 ## - عناصر المدخل الإضافي( كوها)
مصدر التصنيف او مخطط الترفيف Dewey Decimal Classification
Koha [default] item type كتاب
المقتنيات
حالة الفقد نموذج السعر الفعال حالة تلف ليس للاعارة رقم الطلب تاريخ الاكتساب الموقع الحالي الباركود الفرع الرئيسي Date last seen نوع المادة فى نظام كوها مصدر التصنيف او خطة الترفيف Total Checkouts
  2013-03-10     004.22 A R D 2011-12-13 مكتبة مجمع الكليات بالزلفى - طلاب (SZM) 00012543 مكتبة مجمع الكليات بالزلفى - طلاب (SZM) 2013-03-10 كتاب Dewey Decimal Classification  
  2013-03-10     004.22 A R D 2011-12-13 مكتبة مجمع الكليات بالزلفى - طلاب (SZM) 00012544 مكتبة مجمع الكليات بالزلفى - طلاب (SZM) 2013-03-10 كتاب Dewey Decimal Classification  
  2013-03-10     004.22 A R D 2011-12-13 مكتبة مجمع الكليات بالزلفى - طلاب (SZM) 00012545 مكتبة مجمع الكليات بالزلفى - طلاب (SZM) 2013-03-10 كتاب Dewey Decimal Classification